Responses for Show #162 - Tuesday, April 23, 1985

Contestants

[<< previous game]

Doug Miller, an assignment editor from Houston, Texas

Dorian Ellis, a chef from Ottawa, Ontario, Canada

Bruce Rhodewalt, a musician from Los Angeles, California (whose 2-day cash winnings total $14,050)

[next game >>]

Jeopardy! Round responses

WEATHER
TV TRIVIA
50TH ANNIVERSARIES
MOVIE COMPOSERS
HIGHWAYS & BYWAYS
"T" TIME
    $100 1
thunder

Bruce
    $100 16
(Dorian: What is... oh, gosh.)

an X

BruceDorian
    $100 17
(Doug: Uh, what is Rhapsody in Blue?)

Porgy and Bess

DorianDoug
    $100 5
Paul McCartney

Bruce
    $100 11
(Doug: What is a tick?)

ticking

DorianDoug
    $200 2
(Doug: What is clockwise?)

anticlockwise (counterclockwise)

DorianDoug
    $200 20
(Alex: Yes, all you had to do was spell it backwards.)

a robot

Doug
    $200 18
Alcoholics Anonymous

Bruce
    $200 7
(Bruce: [No response])

Jaws

BruceDoug
    $200 12
(Doug: What is tackling?)
(Bruce: What is to [*]?)

tackle

BruceDoug
    $300 3
(Alex: You'd be familiar with that, being from Ottawa.)
(Dorian: I would indeed.)

frost

Dorian
    $300 21
Alistair Cooke

Doug
    $300 19
(Bruce: What is welfare?)

Social Security

BruceDoug
    $300 8
Taxi Driver

Doug
    $300 13
tweet, tweet, tweet

Dorian
    $400 4
(Dorian: Who is Galileo?)

Leonardo da Vinci

DorianDoug
    $500 22
(Alex: [Prior to the wager] We have about a minute left in the round.)

That Was the Week That Was

Doug
    $400 24
(Bruce: What is the AFL-CIO?)
(Doug: What is the American Federation of Labor, AFL?)
...
[The end-of-round signal sounds.]

the CIO

BruceDoug
Triple Stumper
    $400 9
Paul Williams

Bruce
    $400 14
a throb

Dorian
    $500 6
(Bruce: What is the snow?)
(Alex: Be more specific.)
(Bruce: What was [*]?)

snow getting in his face

Bruce
    $500 23
(Doug: Who is Rin Tin Tin?)
(Dorian: Who is Lassie?)
...
(Alex: Nasty disposition, that [*].)
[Laughter]

Bingo the Chimp

DorianDoug
Triple Stumper
    $500 10
Randy Newman

Bruce
    $500 15
a thief

Doug

Scores at the first commercial break (after clue 10):

Bruce Dorian Doug
$1,400 $100 $700

Scores at the end of the Jeopardy! Round:

Bruce Dorian Doug
$1,200 $400 $1,200

Double Jeopardy! Round responses

WOMEN IN HISTORY
MONEY
RUSSIA
BEST SELLERS
PRESIDENTS
SUPERSTITIONS
    $200 21
the root of all evil

Bruce
    $200 13
(Bruce: What is the Kremlin?)

Red Square

BruceDoug
    $200 2
World War II

Bruce
    $200 3
(Doug: Uh, what is father?)

the grandson

DorianDoug
    $200 15
a penny

Doug
    $400 20
the Dragon Lady

Bruce
    $400 22
(Alex: Less than a minute to go in this round.)

playing cards

Doug
    $400 14
Soyuz

Bruce
    $400 12
Arthur Hailey

Doug
    $400 4
(Alex: Impeached but not convicted.)

Andrew Johnson

Bruce
    $400 16
rice

Bruce
    $600 1
(Bruce: Uh, who is Bella Abzug?)
(Dorian: Who is Margaret Chase?)
(Alex: Be more specific.)
(Dorian: [Gibberish] I don't have an answer for that.)

Margaret Chase Smith

BruceDorianDoug
    $600 23
(Bruce: What is the pound?)
(Alex: Be more specific.)
(Bruce: What is the pound sterling? The new pound.)

the pound note

BruceDoug
    $600 25
(Bruce: Who was Khrushchev?)

Leonid Brezhnev

BruceDoug
    $600 11
(Doug: Uh, what is The Bell Jar?)

The Group

DorianDoug
    $600 5
Wilson

Doug
    $600 17
(Doug: Uh, what is a batting average?)

the fact that it is a no-hitter

Doug
Triple Stumper
    $800 24
(Bruce: What is one penny?)

a sixpence

Bruce
Triple Stumper
    $800 26
the Urals

Bruce
    $800 10
(Doug: Uh, who is, what is Fool's Die?)

The Sicilian

Doug
Triple Stumper
    $800 6
(Bruce: What is the Congress of... I don't know.)

the Confederate Congress

BruceDorian
    $800 18
a birthmark

Bruce
    $1000 8
(Dorian: What is the upper house of the Indian parliament?)

U.N. General Assembly

Dorian
Triple Stumper
    $1,000 27
(Bruce: What is the Supreme Soviet?)
...
[The end-of-round signal sounds.]

the Politburo

Bruce
    $1000 9
Andy Rooney

Dorian
    $1000 7
(Bruce: Who is... Kennedy?)
(Doug: Who is Jimmy Carter?)
(Dorian: Nixon? Who was Nixon?)
(Alex: It happened in 1976 and [*] debated Jimmy Carter.)

Gerald Ford

BruceDorianDoug
Triple Stumper
    $1000 19
Macbeth

Dorian

Scores at the end of the Double Jeopardy! Round:

Bruce Dorian Doug
-$800 $1,400 $1,600

[wagering suggestions for these scores]

Final Jeopardy! Round responses

EDUCATION
DorianWhat is Lima, Peru Lima Peru
$1,399
DougWhat is Mexico City?
$1,300
Mexico City

Final scores:

Bruce Dorian Doug
-$800 $1 $2,900
3rd place: La-Z-Boy recliner rocker chair 2nd place: Pinseeker golf clubs & Wimbledon tennis rackets New champion: $2,900

Game dynamics:

Coryat scores:

Bruce Dorian Doug
$200 $1,400 $1,500
16 R,
11 W
(including 1 DD)
11 R,
6 W
16 R
(including 1 DD),
11 W

Combined Coryat: $3,100

[game clues] [game scores] [suggest correction]

Game tape date: 1985-01-08
The J! Archive is created by fans, for fans. Scraping, republication, monetization, and malicious use prohibited; this site may use cookies and collect identifying information. See terms. The Jeopardy! game show and all elements thereof, including but not limited to copyright and trademark thereto, are the property of Jeopardy Productions, Inc. and are protected under law. This website is not affiliated with, sponsored by, or operated by Jeopardy Productions, Inc. Join the discussion at JBoard.tv.